01151nam a2200169Ia 4500001001300000003001000013008004100023040002500064041000700089100001600096245015800112250001100270260003300281300001200314500060500326650005000931b5555-37453 IT-MiCISF161014s9999||||xx |||||||||||||| ||und|| aIT-MiCISFcIT-MiCISF ait aPollo Mario 0aEccessiva-mentebUna ricerca sul vissuto dell'eccesso degli adolescenti e dei giovani, promossa dalle città di Ancona, Ferrara, Padova, Torino, Venezia a1a ed. a MilanobFranco Angelic2002 app. 352 a / adolescenza, comportamento, disadattamento, giovani / L'indagine di questo libro vuole offrire uno sguardo in profondità su come gli adolescenti e i giovani di alcune città italiane (Torino, Padova, Venezia, Ferrara e Ancona) vivono il rapporto con il limite e con l'illimitato attraverso l'eccesso: è vero o falso che hanno perso il valore del limite? E' vero che l'eccesso costituisce una consuetudine nella loro vita? Tutto questo attraverso la descrizione narrativa dei loro vissuti dell'eccesso e del limite, quali sono emersi dalle interviste di gruppo che li hanno visti protagonisti. a Adolescenti e giovani / età-evolutivae009